1740 1730 1522 1466 1062 1634 1036 1396 1021 1258 1015 1883 1423 1226 1649 1084 1548 1552 1109 1708 1512 1760 1314 1747 1574 1466 1879 1379 1900 1468 1457 1938 1367 1075 1507 1648 1124 1567 1564 1775 1318 1727 1591 1498 1712 1039 1519 1173 1465 1361 1030 1991 1417 1595 1872 1118 1612 1386 1953 1694 1851 1832 1710 1254 1252 1147 1624 1439 1696 1022 1405 1757 1987 1219 1027 1603 1647 1246 1439 1532 1115 1975 1819 1781 1448 1081 1944 1869 1982 1870 1001 1887 1907 1004 1633 1036 1217 1487 1425 BCNSPRNW ULIB Ver.6.0+V

เปลี่ยนเป็นภาษาไทย

Change to English
 แสดงรายละเอียดบรรณานุกรม
  กลับหน้าหลัก

Brief Record : Get Marc (ISO 2709) : E-mail record : QR code < ปิดหน้าต่าง
LEADER : 00000nam 2200000uu 4500
001    13399127403
003     ULIB
008    200519s2017||||th 000 0 tha d
020    ^a9781506256382 (pbk.)
050  4 ^aPE1128^bL887Be
100 1  ^aLougheed, Lin,^d1946-
245 10 ^aBarron s essential words for the IELTS /^cLin Lougheed
246 30 ^aEssential words for the IELTS
250    ^a3rd ed.
260    ^aHauppauge, N.Y. :^bBarron s Educational Series,^c2017
300    ^a379 p. :^bill. ;^c23 cm. +^e1 CD-ROM
650  0 ^aInternational English Language Testing System^vStudyguides
650  0 ^aEnglish language^vTextbooks for foreign speakers
650  0 ^aEnglish language^xExaminations^vStudy guides
650  0 ^aVocabulary^xExaminations^vStudy guides
653    ^aIELTS
945    ^p623^l0^i007074
999    ^aประนอม เกษจรัล
รายการนี้ยังไม่มีแท็ก
คุณยังไม่ได้ล็อกอิน คุณสามารถมีกิจกรรมร่วมกับเว็บไซต์ได้ แต่ต้องล็อกอินก่อน ::
  ล็อกอิน

รายการสื่อสารสนเทศ

ลำดับที่ ประเภท เลขเรียก/บาร์โค้ด สถานที่ สถานะ
1. การศึกษาทั่วไป
หนังสือสำรอง
สถานะ=หนังสือสำรอง
PE1128 L887Be ฉ.1 
  Barcode: 007074
ห้องสมุดวิทยาเขตสวรรค์ประชารักษ์
►หนังสือทั่วไป
บนชั้น

BibComment


ยังไม่เคยถูกคอมเมนท์

คอมเมนท์ทรัพยากรรายการนี้
  คอมเมนท์: Barron s essenti..


 Copyright 2026. Bcnsprnw @Library